Trust theory: (Record no. 4201)

MARC details
000 -LEADER
fixed length control field 00637nam a22002177a 4500
003 - CONTROL NUMBER IDENTIFIER
control field OSt
005 - DATE AND TIME OF LATEST TRANSACTION
control field 20220107122746.0
008 - FIXED-LENGTH DATA ELEMENTS--GENERAL INFORMATION
fixed length control field 140526b xxu||||| |||| 00| 0 eng d
020 ## - INTERNATIONAL STANDARD BOOK NUMBER
International Standard Book Number 9780470028759
040 ## - CATALOGING SOURCE
Transcribing agency IIITM-K
082 ## - DEWEY DECIMAL CLASSIFICATION NUMBER
Classification number 302.1 CAS/T
100 ## - MAIN ENTRY--PERSONAL NAME
Personal name Castelfranchi, Cristiano
9 (RLIN) 5274
245 ## - TITLE STATEMENT
Title Trust theory:
Remainder of title A socio cognitive and computational model
Statement of responsibility, etc. by Cristiano Castel franchi; Rino Falcone
260 ## - PUBLICATION, DISTRIBUTION, ETC.
Place of publication, distribution, etc. UK,
Name of publisher, distributor, etc. Wiley,
Date of publication, distribution, etc. 2010.
300 ## - PHYSICAL DESCRIPTION
Extent xiii, 363p.
650 ## - SUBJECT ADDED ENTRY--TOPICAL TERM
Topical term or geographic name entry element COGNITIVE SCIENCE
9 (RLIN) 5275
650 ## - SUBJECT ADDED ENTRY--TOPICAL TERM
Topical term or geographic name entry element COMPUTATIONAL MODEL
9 (RLIN) 5276
650 ## - SUBJECT ADDED ENTRY--TOPICAL TERM
Topical term or geographic name entry element TRUST THEORY
9 (RLIN) 5277
700 ## - ADDED ENTRY--PERSONAL NAME
Personal name Falcone, Rino
9 (RLIN) 5278
942 ## - ADDED ENTRY ELEMENTS (KOHA)
Source of classification or shelving scheme Dewey Decimal Classification
Koha item type Books
Holdings
Withdrawn status Lost status Source of classification or shelving scheme Damaged status Not for loan Home library Current library Shelving location Date acquired Cost, normal purchase price Total Checkouts Full call number Barcode Date last seen Price effective from Koha item type
    Dewey Decimal Classification     Kerala University of Digital Sciences, Innovation and Technology Knowledge Centre Kerala University of Digital Sciences, Innovation and Technology Knowledge Centre Economics 26/05/2014 5510.00   302.1 CAS/T 3867 03/12/2020 26/05/2014 Books